Central Library OPAC University of Rajshahi
Normal view MARC view

Entry Personal Name

Number of records used in: 2

001 - CONTROL NUMBER

  • control field: 13165

003 - CONTROL NUMBER IDENTIFIER

  • control field: BD-RjUL

005 - DATE AND TIME OF LATEST TRANSACTION

  • control field: 20240526104721.0

008 - FIXED-LENGTH DATA ELEMENTS

  • fixed length control field: 240526|| aca||aabn | a|a d

040 ## - CATALOGING SOURCE

  • Original cataloging agency: BD-RjUL
  • Transcribing agency: BD-RjUL

100 ## - HEADING--PERSONAL NAME

  • Personal name: Mondal, K A M Shahadat Hossain, Supervision

670 ## - SOURCE DATA FOUND

  • Source citation: Work cat.: (BD-RjUL)83816: Rahman, Md. Maruf-ur- 13163, POTENIAL OF NAPHTHALENE AND SUMITHION IN THE CONTROL OF TRIBOLIUM CASTANEUM (HERBST) AND TRIBOLIUM CASTANEUM DUVAL / , 2005